| 000 | 00402nam a22001571a 4500 | ||
|---|---|---|---|
| 020 | _a8190155784 | ||
| 082 |
_aH1 _bSUR/I |
||
| 100 | _aSuresh Chandra Sarvahara | ||
| 245 |
_aIndradhanush kab khilenge/ _cby Suresh Chandra Sarvahara |
||
| 260 |
_aDelhi: _bNavasrujan Sahithya, _c2008. |
||
| 300 | _a88p. | ||
| 650 | _aPoetry Hindi | ||
| 650 | _aLiterature Hindi | ||
| 650 | _aLiterature | ||
| 942 | _cBK | ||
| 999 |
_c20034 _d20034 |
||